| 000 | 00371nam a22001457a 4500 | ||
|---|---|---|---|
| 020 | _a978-0-14-303036-2 | ||
| 082 |
_a001 _bBRI/B |
||
| 100 | _aDEREK O'BRIEN | ||
| 245 | _aTHE BEST QUIZZES | ||
| 260 |
_aGURGAON _bPENGUIN BOOKS INDIA _c2003 |
||
| 300 | _a197 | ||
| 520 | _a1500 TOP/DRAWER QUESTIONS FROM ASIA'S BEST-KNOWN QUIZMASTER | ||
| 650 |
_aQUIZ _zINDIA |
||
| 942 | _cBK | ||
| 999 |
_c6304 _d6304 |
||